Power graphics using Turbo Pascal 6 / (Record no. 164297)

MARC details
000 -LEADER
fixed length control field 00708cam a22002538a 4500
008 - FIXED-LENGTH DATA ELEMENTS--GENERAL INFORMATION
fixed length control field
020 ## - INTERNATIONAL STANDARD BOOK NUMBER
International Standard Book Number 0471547360 (pbk.)
050 00 - LIBRARY OF CONGRESS CALL NUMBER
Classification number T385 WEI
003 - CONTROL NUMBER IDENTIFIER
control field
005 - DATE AND TIME OF LATEST TRANSACTION
control field 20230123134338.0
040 ## - CATALOGING SOURCE
Transcribing agency NUST
049 ## - LOCAL HOLDINGS (OCLC)
Holding library MAIN
100 1# - MAIN ENTRY--PERSONAL NAME
Personal name Weiskamp, Keith.
245 10 - TITLE STATEMENT
Title Power graphics using Turbo Pascal 6 /
Statement of responsibility, etc. Keith Weiskamp, Loren Heiny.
260 ## - PUBLICATION, DISTRIBUTION, ETC.
Place of publication, distribution, etc. New York :
Name of publisher, distributor, etc. Wiley,
Date of publication, distribution, etc. c1991.
300 ## - PHYSICAL DESCRIPTION
Extent xv, 381 p. :
Other physical details ill. ;
Dimensions 24 cm.
504 ## - BIBLIOGRAPHY, ETC. NOTE
Bibliography, etc. note Includes bibliographical references
500 ## - GENERAL NOTE
General note Includes index
650 #0 - SUBJECT ADDED ENTRY--TOPICAL TERM
Topical term or geographic name entry element Computer graphics.
630 00 - SUBJECT ADDED ENTRY--UNIFORM TITLE
Uniform title Turbo Pascal
700 1# - ADDED ENTRY--PERSONAL NAME
Personal name Heiny, Loren.
907 ## - LOCAL DATA ELEMENT G, LDG (RLIN)
a .b1022600x
b 23-01-07
c 23-01-07
942 ## - ADDED ENTRY ELEMENTS (KOHA)
Koha item type Ordinary Loan Books

No items available.